000 00892nmc a2200313 a 4500
003 AR-BaBNM
005 20251128210024.0
008 011101s1988 ||||||||||||||000 | spa||
020 _a84-329-9403-0
040 _cAR-BaBNM
100 1 _aCherry, Clare
245 1 0 _aEl arte en el niño en edad preescolar
250 _a5ª ed.
260 _aBarcelona
_bEdiciones Ceac
_c1988
300 0 _a200 p.
_bil.
490 0 _aEducación y enseñanza. Educación preescolar
650 4 _aNINOS DE EDAD PREESCOLAR
650 4 _aEDUCACION ARTISTICA
650 4 _aDESARROLLO DEL NINO
650 4 _aDESARROLLO DE DESTREZAS
650 4 _aDESARROLLO DE LA CREATIVIDAD
650 4 _aACTIVIDADES DE APRENDIZAJE
650 4 _aTECNICAS DIDACTICAS
650 4 _aMATERIAL DIDACTICO
653 0 _aEDUCACION INICIAL
800 1 _aSarramona, Jaume
_edirector
942 _cBK
998 _cCarmen
999 _c13745
_d13745